<?xml version="1.0" encoding="UTF-8"?>
<marc:record xmlns:marc="http://www.loc.gov/MARC21/slim">
   <marc:leader>00000nam a2200000 a 4500</marc:leader>
   <marc:datafield ind1="1" ind2=" " tag="100">
      <marc:subfield code="a">Krobath, Hermann</marc:subfield>
      <marc:subfield code="4">edt</marc:subfield>
      <marc:subfield code="e">Bearbeiter/-in</marc:subfield>
   </marc:datafield>
   <marc:datafield ind1=" " ind2=" " tag="653">
      <marc:subfield code="a">Wert</marc:subfield>
   </marc:datafield>
   <marc:datafield ind1=" " ind2=" " tag="653">
      <marc:subfield code="a">Wertphilosophie</marc:subfield>
   </marc:datafield>
   <marc:datafield ind1=" " ind2=" " tag="653">
      <marc:subfield code="a">Angewandte Ethik</marc:subfield>
   </marc:datafield>
   <marc:datafield ind1=" " ind2=" " tag="653">
      <marc:subfield code="a">Aufsatzsammlung</marc:subfield>
   </marc:datafield>
   <marc:datafield ind1="0" ind2="0" tag="245">
      <marc:subfield code="a">Werte in der Begegnung</marc:subfield>
   </marc:datafield>
   <marc:datafield ind1="0" ind2="0" tag="245">
      <marc:subfield code="b">Wertgrundlagen und Wertperspektiven ausgewählter Lebensbereiche</marc:subfield>
   </marc:datafield>
   <marc:datafield ind1="0" ind2="0" tag="245">
      <marc:subfield code="c">hrsg. von Hermann T. Krobath</marc:subfield>
   </marc:datafield>
   <marc:datafield ind1=" " ind2="1" tag="264">
      <marc:subfield code="a">Würzburg</marc:subfield>
      <marc:subfield code="b">Königshausen &amp; Neumann</marc:subfield>
      <marc:subfield code="c">2011</marc:subfield>
   </marc:datafield>
   <marc:datafield ind1="1" ind2=" " tag="520">
      <marc:subfield code="a">Angaben aus der Verlagsmeldung

Werte in der Begegnung : Wertgrundlagen und Wertperspektiven ausgewählter Lebensbereiche

Werte sind ein Dauerthema in vielerlei Diskursen. Sie sind Leitlinien des individuell-subjektiven Erlebens und Verhaltens, sie treten aber auch in den unterschiedlichsten Ausprägungsformen auf gesellschaftlicher Ebene in Erscheinung. Die vielfältigen Bereiche, Formationen, Institutionen, Organisationen von Kultur und Gesellschaft, sei es Politik, Wirtschaft, Recht, Bildung, Erziehung, Wissenschaft, Kunst, Religion, Sport usw. sind jene Orte, wo man Werten begegnet, wo Werte sozusagen am Werk sind: Sie sind zunächst ‚am Werk’ als „Wertbasis“ (H. Albert), d.h. als sozusagen axiologische Basis- und Binnenstrukturierung der jeweiligen Bereiche. Sie sind ‚am Werk’ zusammen mit ihren (impliziten oder expliziten) Begründungs-Narrativen, ihren beabsichtigten oder tatsächlichen Wirkungen und Funktionen (von Orientierung bis Rechtfertigung; von Inklusion bis Exklusion), und bei diesem ‚am Werk’ sein, ‚in Begegnung sein’ gestalten sie und werden selbst gestaltet, wandeln sich, verfallen, formieren sich neu, werden neu entdeckt oder neu belebt.

Die Arbeit ist in gewissem Sinne eine Fortsetzung oder Ergänzung des im gleichen Verlag erschienenen, vom unten genannten Herausgeber als Autor 2009 verfassten Werkes: „Werte. Ein Streifzug durch Philosophie und Wissenschaft.“
</marc:subfield>
   </marc:datafield>
   <marc:datafield ind1=" " ind2=" " tag="020">
      <marc:subfield code="a">9783826045790</marc:subfield>
      <marc:subfield code="9">9783826045790</marc:subfield>
   </marc:datafield>
   <marc:datafield ind1=" " ind2=" " tag="020">
      <marc:subfield code="a">3826045793</marc:subfield>
      <marc:subfield code="9">3826045793</marc:subfield>
   </marc:datafield>
   <marc:datafield ind1=" " ind2=" " tag="041">
      <marc:subfield code="a">ger</marc:subfield>
   </marc:datafield>
   <marc:datafield ind1=" " ind2=" " tag="300">
      <marc:subfield code="a">633 S.</marc:subfield>
   </marc:datafield>
</marc:record>
